000 00675nam a22002057a 4500
005 20260408153842.0
010 _aENG-148009
020 _a9788119403431
_c1195.00
035 _aEN-131541
037 _bDBAD
082 _21
_a342.54
100 _aRameshwar; N Kavitha
_988835
245 _aThey Created A Nation
_cN. Kavitha Rameshwar
250 _a1
260 _aHaryana
_bLexis Nexis
_c2026
270 _a14th floor, Building no-10, Tower-B DLF Cyber City, phase-2, Gurgaon
_bIndia
_e122002
_k1244774444
_l1244774100
_mhelp.in@lexisnexis.com
300 _a270.pg
_c25cm(pb)
700 _aN Kavitha Rameshwar
_988836
942 _2ddc
_cEN
_h342.54
_mRAM
_e1
999 _c215828
_d215828